000 00779nam a2200205Ia 4500
003 GCL
008 140319s9999 xx 000 0 ara d
040 _aGCL /
_cGCL
082 0 4 _a370.15
_bأ أ
100 1 _aافنان نظير دروزة
245 1 0 _aاساسيات فى علم النفس التربوى :
_bاستراجيات الادراك ومنشطاتها كاساس لتصميم التعليم ( دراسات وبحوث وتطبيقات ) /
_cافنان نظير دروزة
250 _aالاولى
260 _aالاردن :
_bدار الشروق ،
_c2004
300 _a379 ص ؛
_c24 سم
650 0 4 _aعلم النفس التربوى
650 0 4 _aالفروق الفردية
650 0 4 _aالادراك
650 0 4 _aالتخيل
942 _2ddc
_cBK
999 _c10120
_d10120